The geography of trade : landscapes of competition and long-distance contacts in Mesopotamia and Anatolia in the Old Assyrian colony period /
A reassessment of the Old-Assyrian trade network in Upper Mesopotamia and Central Anatolia during the Middle Bronze Age, this volume examines exchange networks and economic strategies, continuity and discontinuity of specific trade circuits and routes, and the evolution of political landscapes throu...
المؤلف الرئيسي:
التنسيق: كتاب الكتروني
اللغة: English
منشور في:
Summertown, Oxford :
Archaeopress Publishing Ltd,
2018.
الموضوعات:
الوصول للمادة أونلاين: Login to view Source
الوسوم: إضافة وسم
رقم الطلب: HF368
| LEADER | 02099nam a2200457 i 4500 | ||
|---|---|---|---|
| 001 | EDZ0001950349 | ||
| 003 | StDuBDS | ||
| 005 | 20230412182249.0 | ||
| 006 | m|||||o||d|||||||| | ||
| 007 | cr ||||||||||| | ||
| 008 | 181009s2018 enka fob 000|0|eng|d | ||
| 020 | |a 9781784919269 (ebook) : |c No price | ||
| 040 | |a StDuBDS |b eng |c StDuBDS |e rda |e pn | ||
| 050 | 4 | |a HF368 | |
| 082 | 0 | 4 | |a 381.0935 |2 23 |
| 100 | 1 | |a Palmisano, Alessio, |e author. | |
| 245 | 1 | 4 | |a The geography of trade : |b landscapes of competition and long-distance contacts in Mesopotamia and Anatolia in the Old Assyrian colony period / |c Alessio Palmisano. |
| 264 | 1 | |a Summertown, Oxford : |b Archaeopress Publishing Ltd, |c 2018. | |
| 300 | |a 1 online resource (xii, 192 pages) : |b illustrations (black and white, and colour) | ||
| 336 | |a text |2 rdacontent | ||
| 336 | |a still image |2 rdacontent | ||
| 337 | |a computer |2 rdamedia | ||
| 338 | |a online resource |2 rdacarrier | ||
| 500 | |a Previously issued in print: 2018. | ||
| 504 | |a Includes bibliographical references. | ||
| 520 | 8 | |a A reassessment of the Old-Assyrian trade network in Upper Mesopotamia and Central Anatolia during the Middle Bronze Age, this volume examines exchange networks and economic strategies, continuity and discontinuity of specific trade circuits and routes, and the evolution of political landscapes throughout the Near East. | |
| 521 | |a Specialized. | ||
| 588 | |a Description based on online resource; title from home page (viewed on October 9, 2018). | ||
| 651 | 0 | |a Assyria |x Commerce |x History. | |
| 651 | 0 | |a Iraq |x Commerce |x History. | |
| 651 | 0 | |a Assyria |x Antiquities. | |
| 651 | 0 | |a Iraq |x Antiquities. | |
| 650 | 0 | |a Trade routes |z Assyria. | |
| 650 | 0 | |a Trade routes |z Iraq. | |
| 650 | 0 | |a Bronze age |z Assyria. | |
| 650 | 0 | |a Bronze age |z Iraq. | |
| 776 | 0 | 8 | |i Print version : |z 9781784919252 |
| 856 | 4 | 0 | |3 Archaeopress |u http://library.arce.org:8087/Archaeopress/Products/9781784919252 |
| 942 | |2 lcc |c EBOOK | ||
| 952 | |0 0 |1 0 |4 0 |6 HF0368 |7 1 |9 46421 |a ARCH |b ARCH |d 2023-04-12 |l 0 |o HF368 |r 2023-04-12 00:00:00 |w 2023-04-12 |y EBOOK | ||
| 999 | |c 52079 |d 52079 | ||
